Library Banner

How to speak in public (Record no. 52676)

MARC details
000 -LEADER
fixed length control field 00410nam a2200169Ia 4500
001 - CONTROL NUMBER
control field 55326
008 - FIXED-LENGTH DATA ELEMENTS--GENERAL INFORMATION
fixed length control field 140505s9999 xx 000 0 und d
020 ## - INTERNATIONAL STANDARD BOOK NUMBER
International Standard Book Number NA
040 ## - CATALOGING SOURCE
Transcribing agency PK-LaUMT
082 ## - DEWEY DECIMAL CLASSIFICATION NUMBER
Classification number MAL 302.33
Item number WRI-H
100 ## - MAIN ENTRY--PERSONAL NAME
Personal name Wright, C. W.
245 ## - TITLE STATEMENT
Title How to speak in public
Statement of responsibility, etc Wright, C. W.
260 ## - PUBLICATION, DISTRIBUTION, ETC. (IMPRINT)
Place of publication, distribution, etc New York,USA:
Name of publisher, distributor, etc Garland Publishing, Inc.,
Date of publication, distribution, etc NA
300 ## - PHYSICAL DESCRIPTION
Extent 238 p.
546 ## - LANGUAGE NOTE
Language note EN
942 ## - ADDED ENTRY ELEMENTS (KOHA)
Koha item type Books
Holdings
Withdrawn status Lost status Damaged status Not for loan Home library Current library Date acquired Total Checkouts Full call number Barcode Date last seen Price effective from Koha item type
        UMT Main Campus UMT Main Campus 2014-05-05   MAL 302.33 WRI-H 75804 2014-05-08 2014-05-08 Books